MDQL
is popping MORE tags! Check the
thread
!
Quizzes
Events
Quiz Creation
Community
Videos
Private Events
Remove Ads
Sign In
Join for FREE
Feedback
Dark Mode
Quiz Categories
Sports
Geography
Music
Movies
Television
Just For Fun
Miscellaneous
History
Literature
Language
Science
Gaming
Entertainment
Religion
Holiday
For Kids
Quiz Lab
Recent
Popular Today
Quiz Kudos Today
Editor Picks
Curator Picks
Quizzes by...
Day
Popularity
Type
Ratings
Length
Year
Community
Subscriptions
Recent Discussions
Orange Saloon
Badges
Playlists
Quests
Create
Leaderboards
Showdown
Live 5
Trivia Bingo
Activity
Puzzle Library
Sporcle Events
Private Events
Virtual Trivia
Globe League
Become a Host
Pub Owners
SporcleCon
Opinionation
Our Games
Videos
Blog
Mobile Apps
Partnerships
Remove Ads and Go Orange
Feedback
Religion
Mythology
Religious Music
World Religions
Bible
Christianity
Catholicism
Judaism
Church
Scripture
Islam
Verse
Religion
Mythology
Religious Music
World Religions
Bible
Christianity
Catholicism
Judaism
Church
Scripture
Islam
Verse
Random Quiz
Search Sporcle
×
Quiz Lab
Quiz Lab
Religion
Catholicism
Select answers by clicking on text or image buttons
Select answers by clicking on text or image buttons
Clickable
Best Score? Go Orange.
Catholic Mass Responses Stats
Can you name the responses from the Catholic Mass?
By
sassmonger
5m
28 Questions
5,146 Plays
5,146 Plays
5,146 Plays
Comments
Comments
Give Quiz Kudos
Give Quiz Kudos
-
- Ratings
hide this ad
More Info
Forced Order
Answers have to be entered in order
Answers have to be entered in order
Replay
Link that replays current quiz
Next Quiz
Link to next quiz in quiz playlist
You Got
0%
They Got
Avg Score
58%
Avg Friend Score
Upgrade to see
Score Distribution
Jump to the score distribution portion of the page
Score
0/28
Timer
05:00
0
Plays Today
% Correct
Christ, have mercy.
78.9%
Lord, have mercy.
78%
Lord, have mercy.
77.5%
And with your spirit.
76.6%
Amen.
76.2%
And with your spirit.
71.5%
Amen.
70.9%
Amen.
70.8%
And with your spirit.
67.1%
We lift them up to the Lord.
66.9%
Amen.
66.9%
And with your spirit.
66.6%
And with your spirit.
65%
Amen.
63.5%
% Correct
Amen.
55.4%
It is right and just.
54.1%
Thanks be to God!
53%
Amen.
52.8%
Glory to you, Lord!
48.7%
Thanks be to God!
48.4%
Lord, hear our prayer.
47.1%
Blessed be God for ever.
43.7%
Lord, I am not worthy that you should enter under my roof, but only say the word and my soul shall be healed.
43.5%
Praise to you, Lord Jesus Christ!
43.3%
Blessed be God for ever.
43.2%
May the Lord accept the sacrifice at your hands, for the praise and glory of his name, for our good, and the good of all his Church.
39.7%
When we eat this Bread and drink this Cup, we proclaim your death, O Lord, until you come again.
37.5%
For the kingdom, the power, and the glory are yours, now and forever.
30.3%
Quiz Playlist
Details
Report
Send in Message
Add To Playlist
More Info:
NOTE: This uses the new English translation of the third edition of The Roman Missal
Clickable:
Select answers by clicking on text or image buttons
Forced Order:
Answers have to be entered in order
Last Updated: Feb 16, 2017
Quiz Scoreboard
CHALLENGE
Sign Up to Join the Scoreboard
Show All
Scores
Hide
Comments
May contain spoilers
Recently Published
Image Sorting: Flags VI
by Barbecue
Geography
2m
Find the 'City' Movie
by crazypaving
Movies
60s
Colored Red Africa Blitz
by spor1
Geography
45s
More to Explore
Quiz From the Vault
Featured Blog Post
14 Easter Pick-up Lines to Find Eggs With
hide this ad
You Might Also Like...
Tags
Catholicism Quiz
Church Quiz
catholic
mass
response
Today's Top Quizzes in Religion
Browse Religion
hide this ad
Today's Top Quizzes in Catholicism
Browse Catholicism
Top Contributed Quizzes in Religion
1
Christmas Pick: Judaism
2
Religions Spelling Bee
3
Christmas Pick: Islam
4
Christmas Pick: World Religions
5
Artistic Maundy Thursday
6
99 names of Allah
7
5-to-1: Children of Gods
8
Mini Trivia Sudoku: Mythology
9
Christmas Creatures
10
After Easter on Stained-glass Windows
Explore More
Trending Topics
Disney
Harry Potter
Crossword
Anime
NBA
Marvel
Kpop
The Office
Pokémon
Puzzle
WWE
NFL
Soccer
Song
Country
hide this ad
More By:
sassmonger
Quiz
Plays
Rating
Category
Featured
Created
Disney Animated Movies by GIF
60,930
4.53
Movies
Dec 8, 2013
Harry Potter Characters by Quote (Clickable)
7,857
4.87
Literature
Oct 23, 2013
Follow That Line: Toy Story
5,267
4.78
Movies
Dec 24, 2013
Catholic Mass Responses
5,146
4.79
Religion
Dec 4, 2013
The Ultimate Toy Story Quotes Quiz
3,855
4.62
Movies
Dec 16, 2013
Go to Creator's Profile
Score Distribution
Quiz Creator Spotlight
sassmonger
Follow
Send a Message
Quizzes Created
-
Created Quiz Play Count
-
More By This Creator
Popular Quizzes Today
1
Colored Red Africa Blitz
2
Find the US States - No Outlines Minefield
3
Find the 'City' Movie
4
5x2 Blitz: Bands
5
The Countries of the World
6
Find the US States
7
Find the Countries of Europe - No Outlines Minefield
8
US States
More Religion Quizzes
Greek Gods
Published
Trending Quizzes
Colored Red Europe Blitz I
Colored Red Europe Blitz II
Colored Red Africa Blitz II
Colored Red Europe Blitz III
Colored Red Africa Blitz III
Recently Updated
How Do You Spell That?
pecheneg
Godzilla Movies
pecheneg
Grab Bag: 4-10 Letters
pecheneg
2024 March Madness Bracket
pecheneg
Famous TV Couples
Peacemaker
Champions League XIs: Real Madrid
pecheneg
Largest US Cities 1790-2010
pecheneg
Rides in Walt Disney World
pecheneg
Most Oscar Losses (Acting)
pecheneg
Beyoncé Albums
pecheneg
Trending Topics
Kpop
NBA
Crossword
Harry Potter
Anime
Marvel
Disney
The Office
Puzzle
Pokémon
NFL
Country
Song
WWE
Soccer
Your Account Isn't Verified!
In order to create a playlist on Sporcle, you need to verify the email address you used during registration. Go to your
Sporcle Settings
to finish the process.
Report this User
Report this user for behavior that violates our
Community Guidelines
.
Details:
Send Report
Go to the Sporcle.com Mobile Site →
Comments